000 00605nam a22002177a 4500
001 64524
003 UA-OsUOA
005 20220525153510.0
007 ta
008 20091105b un ||||| |||| 00| 0 ukr d
040 _aUA-OsUOA
_bukr
_cUA-OsUOA
_dUA-OsUOA
041 _aukr
080 _a908(477.81)
090 _a908(477.81)
_bА35
245 _aАзалія
_bлітературно-краєзнавчий календар на 1993 рік
_nВип. 1
260 _aРівне
_bАзалія
_c1992
300 _a64 с.
650 7 _a908 Краєзнавство
_2UDC
942 _cBK
_2udc
955 _a2
999 _c350838
_d350838